Zuschauerzahlen Top 30 - Statistiken

Allgemein
  • Dieses Quiz wurde 130 mal gespielt
  • Das Durchschnittsergebnis liegt bei 26 aus 30
Antwortstatistiken
Zuschauerzahl Verein % Korrekt
81.365 Borussia Dortmund
100%
75.000 FC Bayern München
100%
56.324 Hamburger SV
97%
29.388 Karlsruher SC
97%
44.866 RB Leipzig
97%
49.925 1. FC Köln
96%
57.588 Eintracht Frankfurt
96%
61.641 FC Schalke 04
96%
59.265 VFB Stuttgart
96%
21.907 1. FC Union Berlin
94%
28.899 Dynamo Dresden
93%
52.330 Hertha BSC
93%
24.596 VFL Wolfsburg
91%
37.480 1. FC Nürnberg
90%
32.170 1. FSV Mainz 05
90%
34.119 SC Freiburg
90%
41.350 Werder Bremen
90%
38.800 Hannover 96
89%
29.961 Bayer 04 Leverkusen
88%
25.006 TSG Hoffeheim
85%
29.768 FC Augsburg
84%
41.488 Fortuna Düsseldorf
84%
46.348 1. FC Kaiserslautern
83%
29.503 FC St. Pauli
83%
25.546 VFL Bochum
83%
53.104 Borussia M´ Gladbach
82%
24.253 Hansa Rostock
74%
21.044 DSC Arminia Bielefeld
73%
25.166 1. FC Magdeburg
70%
26.030 Alemannia Aachen
67%
Keine übereinstimmenden Quizze gefunden
Verteilung der Resultate
Anzahl Personen mit jedem Resultat
Perzentil nach korrekt beantworteten Fragen
Ihre Resultats-Entwicklung
Sie haben dieses Quiz noch nicht gespielt